000 00581nam a22002417a 4500
001 41160
003 UA-OsUOA
005 20210112115054.0
007 ta
008 20060918b un ||||| |||| 00| 0 ukr d
040 _aUA-OsUOA
_brus
_cUA-OsUOA
_dUA-OsUOA
041 _arus
080 _a821.111
090 _a821.111
_bК92
100 _aКупер Ф
245 _aПрерия
260 _aК.
_bМолодь
_c1958
300 _a361 с
650 7 _a82 Література. Літературознавство
_2UDC
700 _aД.
942 _cBK
_2udc
955 _a3
999 _c327300
_d327300